Dôchodkové reformy v krajinách strednej a východnej Európy

V dňoch 27.-28. mája 2002 sa vo Varšave konal seminár o praktických skúsenostiach z dôchodkových reforiem v krajinách OECD a v krajinách s tranzitívnou ekonomikou. Doplňujúce odpovede z tejto problematiky na otázky: Prečo sú potrebné reformy dôchodkových systémov. Aké sú princípy penzijnej reformy....

Descripción completa

Guardado en:
Detalles Bibliográficos
Autor principal: Bujnovská, Daniela
Formato: Capítulo de libro
Lenguaje:eslovaco
Materias:
Etiquetas: Agregar Etiqueta
Sin Etiquetas, Sea el primero en etiquetar este registro!

MARC

LEADER 00000naa a2200000 4500
001 r047950
005 20231002091101.4
041 0 |a slo 
044 |a SK 
245 1 0 |a Dôchodkové reformy v krajinách strednej a východnej Európy  |c Daniela Bujnovská 
520 |a V dňoch 27.-28. mája 2002 sa vo Varšave konal seminár o praktických skúsenostiach z dôchodkových reforiem v krajinách OECD a v krajinách s tranzitívnou ekonomikou. Doplňujúce odpovede z tejto problematiky na otázky: Prečo sú potrebné reformy dôchodkových systémov. Aké sú princípy penzijnej reformy. Aké typy reforiem schválili krajiny SVE. Aká bola úspešnosť reforiem dôchodkových systémov. Čo znamenalo posledné desaťročie pre životnú úroveň dôchodcov kajín SVE. Prehľad reforiem v jednotlivých štátoch. 
610 2 0 |a zabezpečenie dôchodkové 
610 2 0 |a poistenie dôchodkové 
610 2 0 |a reformy dôchodkové 
610 2 0 |a systémy dôchodkové 
610 2 0 |a SVE 
610 2 0 |a OECD 
610 2 0 |a dôchodky 
610 2 0 |a úroveň životná 
610 2 0 |a fondy penzijné 
610 2 0 |a semináre 
610 2 0 |a Varšava 
610 2 0 |a máj 
610 2 0 |a 2002 
100 1 |a Bujnovská, Daniela